Inquiry into the Strategic and Critical Material Stockpiles of the U.S. hearings before the United States Senate Committee on Armed Services, Subcommittee on National Stockpile and Naval Petroleum Reserves, Eighty-Seventh Congress, second session, on Nov. 13, 14, 26-29, 1962. Part 8 :

Focuses on nickel and tungsten contracts and stockpile management, and on titanium stockpile management.

Bibliographic Details
Corporate Authors: United States. Congress. Senate. Committee on Armed Services. Subcommittee on National Stockpile and Naval Petroleum Reserves, ProQuest (Firm)
Format: Government Document eBook
Language:English
Published: Washington : U.S. G.P.O., 1962.
Series:U.S. Congressional Hearings.
Subjects:
Online Access:Connect to the full text of this electronic book

MARC

Tag First Indicator Second Indicator Subfields
LEADER 00000cam a22000001a 4500
001 in00003211213
006 m d f
007 cr bn mmmapmmp
008 090623s1962 dcu o f000 0 eng d
005 20260511210536.1
035 |a cis2007429778 
040 |a UMI  |c UMI  |d UtOrBLW 
043 |a n-us--- 
086 0 |a Y 4.Ar 5/3:St 6/2/pt.8 
099 |a HRG-1962-SAS-0040 
110 1 |a United States.  |b Congress.  |b Senate.  |b Committee on Armed Services.  |b Subcommittee on National Stockpile and Naval Petroleum Reserves. 
245 1 0 |a Inquiry into the Strategic and Critical Material Stockpiles of the U.S.  |n Part 8 :  |b hearings before the United States Senate Committee on Armed Services, Subcommittee on National Stockpile and Naval Petroleum Reserves, Eighty-Seventh Congress, second session, on Nov. 13, 14, 26-29, 1962. 
264 1 |a Washington :  |b U.S. G.P.O.,  |c 1962. 
300 |a 1 online resource. 
336 |a text  |b txt  |2 rdacontent 
337 |a computer  |b c  |2 rdamedia 
338 |a online resource  |b cr  |2 rdacarrier 
500 |a Record is based on bibliographic data in ProQuest Congressional Hearings Digital Collection. Reuse except for individual research requires license from ProQuest, LLC. 
520 |a Focuses on nickel and tungsten contracts and stockpile management, and on titanium stockpile management. 
520 |a Considers (87) H.R. 6373, (87) S. 3186, (87) S. 3982. 
538 |a System requirements: PDF reader software. 
500 |a Electronic resource. 
650 0 |a Strategic materials  |x Law and legislation  |z United States. 
650 0 |a Nickel. 
650 0 |a Tungsten. 
650 0 |a Titanium. 
655 7 |a Electronic books.  |2 local 
710 2 |a ProQuest (Firm) 
776 0 8 |i Print version:  |a United States. Congress. Senate. Committee on Armed Services. Subcommittee on National Stockpile and Naval Petroleum Reserves.  |t Inquiry into the Strategic and Critical Material Stockpiles of the U.S. 
776 0 8 |i Microfiche version:  |a United States. Congress. Senate. Committee on Armed Services. Subcommittee on National Stockpile and Naval Petroleum Reserves.  |t Inquiry into the Strategic and Critical Material Stockpiles of the U.S.  |d [Bethesda, Md.] : ProQuest,[2004]  |o CIS Hrgs MF Gp 3--(87) S1548-1-C  |w (ProQuest)cis10703821 
830 0 |a U.S. Congressional Hearings. 
856 4 0 |u http://proxy.library.tamu.edu/login?url=https://congressional.proquest.com/congcomp/getdoc?HEARING-ID=HRG-1962-SAS-0040  |z Connect to the full text of this electronic book  |t 0 
998 |a cis10703821 
999 |a MARS 
999 f f |s a738631f-8d90-3700-b926-2cae780dffb5  |i 9ee002b2-4d0d-3f0c-9cd8-0a19e5f9a840  |t 0 
952 f f |a Texas A&M University  |b College Station  |c Electronic Resources  |s www_evans  |d Available Online  |t 0  |e HRG-1962-SAS-0040  |h Other scheme 
998 f f |a HRG-1962-SAS-0040  |t 0  |l Available Online